000 00408nam a2200181Ia 4500
005 20240823010743.0
008 240823s9999||||xx |||||||||||||| ||und||
041 _aENGLISH
082 _A621.3 P0
100 _aRakesh Mittal
245 0 _aGATE ECE
250 _a1st
260 _c2000
_b"UBS,New Delhi"
500 _aTRANSFERED
650 _aElectronics
_bElectronics
942 _cBK
999 _c159554
_d159554